000
00334nam a22001457a 4500
008
240129b ||||| |||| 00| 0 eng d
020
_a
0877221324
041
_a
eng
080
_2
1978
_a
101
082
_a
101SIK
100
_a
44
101
_a
FILOZOFI
245
_a
OBLIGATIONS TO FUTURE GENERATIONS
_c
R.I.SIKORA
942
_2
udc
_c
BK
999
_c
60566
_d
60566